| 000 | 00967cab a2200265 4500 | ||
|---|---|---|---|
| 001 | ABS51687 | ||
| 008 | 090401t1994 xxu||||| |||| 00| 0 eng d | ||
| 035 | _a(Sirsi) u39774 | ||
| 041 | _aeng | ||
| 100 | _aBaldwin, A.N. | ||
| 245 | _aImproved materials management through bar-coding: results and implications from a feasibility study | ||
| 260 | _c1994 | ||
| 350 | _a0 | ||
| 490 |
_aProceedings of the Institution of Civil Engineers _v102(4) November 1994, 156-162(7) |
||
| 520 | _aBarcoding of building materials is feasible according to a study made for a supplier of prestressed, precast concrete flooring beams. The study and its results are described here. | ||
| 650 | _aBARCODES | ||
| 650 | _aBUILT ENVIRONMENT-BUILDING MATERIALS | ||
| 650 | _aFEASIBILITY STUDIES | ||
| 650 | _aMATERIALS MANAGEMENT | ||
| 690 | _aBUILT ENVIRONMENT-BUILDING MATERIALS | ||
| 700 | _aThorpe, A. | ||
| 700 | _aAlkaabi, J.A. | ||
| 942 | _n0 | ||
| 948 | _c04/03/1997 | ||
| 999 |
_c25463 _d25463 |
||